00642nam a2200193Ia 4500008004100000020001500041082001600056100001700072245007000089250000900159260003800168300003000206500001900236600002700255650001500282942000700297952012700304999001700431240925s9999 xx 000 0 und d a8185749299 a621.319 GUP aGupta, J. B. 2aA Course in Electrical Technology: (basic electrical engineering) a12th aNew Delhi:bS. K. Katariac,2008. axxx,1275p.bN.AfOriginal aIncludes Index aElectrical Engineering aTechnology cBK 001040708ELaUITUbUITUd2011-03-29eStandard Booksg861.00l0o621.319 GUPpQ8676r2024-09-25 07:15:03w2024-09-25yBK c11175d11175